Don Pepe y El Estado Solidario /

Gorde:
Xehetasun bibliografikoak
Egile nagusia: Vásquez Mora, José Luis
Formatua: Texto
Gaiak:
Etiketak: Etiketa erantsi
Etiketarik gabe, Izan zaitez lehena erregistro honi etiketa jartzen!

MARC

LEADER 00000 a a2200000 04500
001 16874
003
040
100 |a Vásquez Mora, José Luis  
245 |a Don Pepe y El Estado Solidario /  |c José Luis Vásquez Mora 
650 |a POLITICA  
650 |a JEFE DE ESTADO  
650 |a POBREZA  
650 |a DESARROLLO HUMANO  
650 |a DESARROLLO ECONOMICO Y SOCIAL  
650 |a COSTA RICA  
773 |g volumen 14, número 1,2,3; páginas 55-56  
999 |c 34128  |d 34128